| 000 | 01279nam a2200265Ia 4500 | ||
|---|---|---|---|
| 003 | OSt | ||
| 005 | 20210514105403.0 | ||
| 008 | 210310s2014 sp gr 000 0 spa d | ||
| 020 | _a9788415690481 | ||
| 040 |
_aCO-JMCR _cCO-JMCR |
||
| 041 | 0 | _aspa | |
| 082 | 0 | 4 |
_a330.98 / _bG215i _223 |
| 100 | 1 |
_aGarcía, Jose Ignacio, _eautor _926235 |
|
| 245 | 1 | 3 |
_aEl impacto de la gran crisis mundial sobre el derecho del trabajo y la seguridad social. Su incidencia en España, Europa, y Brasil, 2008-2014 _cJose Ignacio García |
| 260 |
_aBarcelona, España : _bAtelier, _c2014. |
||
| 300 |
_a1032 páginas : _bilustraciones y gráficas en blanco y negro ; _c24 cm. |
||
| 490 | 0 | _aLaboral | |
| 501 | _aCon: notas a pie de página. | ||
| 504 | _aBibliografía: páginas 967-968. | ||
| 505 | 0 | _aCuestiones generales. -- Sectores económicos y geográficos. -- La seguridad social en tiempos de crisis. -- Los tribunales y la crisis. -- La crisis en diferentes países. | |
| 520 | 0 | _aEste libro recoge solamente una parte de las muchas investigación y sesiones llevadas a cabo en la facultad de Derecho de la Universidad de Barcelona. | |
| 650 | 1 | 4 |
_aTrabajo y seguridad social. _zEspaña _937629 |
| 650 | 2 | 4 |
_aDerecho laboral _ximpacto mundial _zEspaña _937630 |
| 942 |
_2ddc _cBK |
||
| 999 |
_c11704 _d11704 |
||